№ 4; Концентрация напряжений в элементах авиационных двигателей.

Podrobná bibliografie
Parent link:Концентрация напряжений в элементах авиационных двигателей.: межвузовский научный сборник. № 4.— , 1979-1986
Jazyk:ruština
Vydáno: 1986
Témata:
Médium: MixedMaterials Kniha
KOHA link:https://koha.lib.tpu.ru/cgi-bin/koha/opac-detail.pl?biblionumber=266959

MARC

LEADER 00000nam2a2200000 4500
001 266959
005 20231101234038.0
035 |a (RuTPU)RU\TPU\book\289979 
035 |a RU\TPU\book\278484 
090 |a 266959 
100 |a 20140718d1986 k y0rusy50 ca 
101 0 |a rus 
102 |a RU 
105 |a a z 001zy 
200 0 |a № 4 
210 |d 1986 
215 |a 139 с.  |c ил. 
320 |a Библиография в конце статей 
461 1 |0 (RuTPU)RU\TPU\book\278484  |t Концентрация напряжений в элементах авиационных двигателей.  |o межвузовский научный сборник  |v № 4  |d 1979-1986 
606 1 |a Двигатели летательных аппаратов  |2 stltpush  |3 (RuTPU)RU\TPU\subj\65814  |9 82182 
610 1 |a авиационные элементы 
610 1 |a напряжение 
610 1 |a напряженно-деформированное состояние 
610 1 |a расчет 
610 1 |a численные методы 
610 1 |a температурные напряжения 
610 1 |a остаточные напряжения 
610 1 |a сложное нагружение 
610 1 |a проектирование 
610 1 |a рекомендации 
675 |a 621.431.75  |v 3 
801 1 |a RU  |b 63413507  |c 20140402 
801 2 |a RU  |b 63413507  |c 20140718  |g RCR 
942 |c BK